Προλεγόμενα εις την θεολογικήν γνωσιολογίαν : το ακατάληπτον του Θεού και η δυνατότης γνώσεως αυτού
Αποθηκεύτηκε σε:
| Κύριος συγγραφέας: | |
|---|---|
| Μορφή: | Βιβλίο |
| Γλώσσα: | Greek |
| Δημοσίευση: |
Αθήναι :
[χ.ό.],
1965
|
| Θέματα: | |
| Ετικέτες: |
Προσθήκη ετικέτας
Δεν υπάρχουν, Καταχωρήστε ετικέτα πρώτοι!
|
MARC
| LEADER | 00000cam a2200000 i 4500 | ||
|---|---|---|---|
| 001 | 1/21289 | ||
| 008 | 060109s1965 gre d | ||
| 035 | |l 10081841 | ||
| 040 | |a GR-MY-UA |b gre |e aacr | ||
| 041 | 0 | |a gre | |
| 082 | 0 | |a 210 |2 (22) | |
| 100 | 1 | |a Νησιώτης, Νίκος Α., |d 1924-1986. | |
| 245 | 1 | 0 | |a Προλεγόμενα εις την θεολογικήν γνωσιολογίαν : |b το ακατάληπτον του Θεού και η δυνατότης γνώσεως αυτού / |c Νικ. Α. Νησιώτη |
| 260 | |a Αθήναι : |b [χ.ό.], |c 1965 | ||
| 300 | |a 253 σ.; |c 22 εκ. | ||
| 500 | |a Η εξ ορθοδόξου επόψεως κριτική των δια της φιλοσοφίας, ψυχολογίας και συγχρόνου φυσικής θεολογίας τρόπων γνώσεως του Θεού | ||
| 504 | |a Περιέχει βιβλιογραφικές παραπομπές | ||
| 650 | 0 | 0 | |a Theology, Doctrinal. |
| 650 | 0 | 0 | |a God |x Proof. |
| 650 | 0 | 0 | |a God. |
| 852 | |a INST |b RHODES |c KRI |e 20060109 |h 210 ΝΗΣ |p 005400028120 |q 005400028120 |t BK |y 0 | ||
| 901 | |a BIBL4-2006-1 | ||
| 909 | |a Ρ |b 122872 | ||
| 970 | |a ΣΙΔΕΡΗ |b ΝΕΚΤΑΡΙΑ |z 2006/01/09 | ||